000 00320nam a22001337a 4500
008 170307b xxu||||| |||| 00| 0 eng d
020 _a9780323025072
041 _aeng
080 _26 ED
_aSHM
100 _a6
101 _aSHM
245 _aRADIOGRAPHIC POSITIONING AND RELATED ANATOMY
_cBONTRAGER.K.L
942 _2udc
_cBK
999 _c6967
_d6967